Una ciudad en marte (Registro nro. 17389)

Detalles MARC
000 -LDR (LÍDER)
Campo de control de longitud fija 01412nam a2200349 a 4500
003 - IDENTIFICADOR DEL NÚMERO DE CONTROL
Campo de control CO-PeBPR
005 - FECHA Y HORA DE LA ÚLTIMA TRANSACCIÓN
Campo de control 20260413162021.0
007 - DESCRIPCIÓN FÍSICA CAMPO FIJO--INFORMACIÓN GENERAL
Campo de control de longitud fija ta
008 - ELEMENTOS DE DATOS DE LONGITUD FIJA--INFORMACIÓN GENERAL
Campo de control de longitud fija 231211s2023 ck a|||a 000 | spa||
020 ## - Código Internacional normalizado para libros
Código Internacional normalizado para libros 9789588846897
040 0# - FUENTE DE CATALOGACIÓN
Agencia catalogadora original CO-PeBPR
Idioma de la agencia catalogadora spa
Norma para la descripción rda
Agencia que transcribe CO-PeBPR
041 0# - Código del Idioma
Código idioma del recurso original spa
082 04 - NÚMERO DE CLASIFICACIÓN DECIMAL DEWEY
Número de clasificación (i) 523 A589u
100 1# - ASIENTO PRINCIPAL--NOMBRE PERSONAL
Nombre personal Anglada-Escudé, Guillem
Fechas asociadas al nombre 1979-
Términos de relación autor
9 (RLIN) 279686
245 13 - MENCIÓN DE TÍTULO
Título propiamente dicho Una ciudad en marte
Mención de responsabilidad / Guillem Anglada-Escudé, Sheddad Kaid-Salah Ferrón, Miquel Sureda Anfres ; ilustraciones Eduard Altarriba i Bigas
250 ## - MENCIÓN DE EDICIÓN
Mención de edición Edición especial
264 #1 - Área de la Producción Publicación, Distribución, Manufactura, etc.
Lugar de publicación, distribución, etc. Bogotá, Colombia
Nombre de la editorial, distribuidor, etc. : Alianza Distribuidora de Colombia
Fecha de publicación, distribución, etc. , 2023
300 ## - DESCRIPCIÓN FÍSICA
Extensión 55 páginas
Otros detalles físicos : ilustraciones a color
Dimensiones ; 32 centímetros
336 ## - Tipo de Contenido
Tipo de contenido texto
Código de tipo de contenido txt
337 ## - Tipo de Medio
Tipo de Medio sin mediación
Código de tipo de medio n
Fuente rdamedia
338 ## - Tipo de Soporte
Tipo de soporte volumen
Código de tipo de soporte nc
Fuente rdacarrier
521 ## - NOTA DE AUDIENCIA
Nota de audiencia Recomendado para un público infantil a partir de los 6 años
650 14 - ASIENTO SECUNDARIO DE MATERIA - TÉRMINO TEMÁTICO
Fuente del encabezado o término LEMB
Encabezamiento temático Álbumes juveniles españoles
Subdivisión cronológica Siglo XXI
9 (RLIN) 279687
650 14 - ASIENTO SECUNDARIO DE MATERIA - TÉRMINO TEMÁTICO
Fuente del encabezado o término LEMB
Encabezamiento temático Literatura juvenil española
Subdivisión cronológica Siglo XXI
9 (RLIN) 24089
650 14 - ASIENTO SECUNDARIO DE MATERIA - TÉRMINO TEMÁTICO
Fuente del encabezado o término LEMB
Encabezamiento temático Marte (Planeta)
Subdivisión general Observaciones
9 (RLIN) 279688
650 14 - ASIENTO SECUNDARIO DE MATERIA - TÉRMINO TEMÁTICO
Fuente del encabezado o término LEMB
Encabezamiento temático Astronomía en la literatura
9 (RLIN) 64404
650 14 - ASIENTO SECUNDARIO DE MATERIA - TÉRMINO TEMÁTICO
Fuente del encabezado o término LEMB
Encabezamiento temático Libros ilustrados para niños
9 (RLIN) 16
700 1# - ASIENTO SECUNDARIO - NOMBRE PERSONAL
Nombre personal Ferrón, Sheddad Kaid-Salah
Término de relación, rol en la obra autor
9 (RLIN) 113947
700 1# - ASIENTO SECUNDARIO - NOMBRE PERSONAL
Nombre personal Sureda Anfres, Miquel
Término de relación, rol en la obra autor
9 (RLIN) 279689
700 1# - ASIENTO SECUNDARIO - NOMBRE PERSONAL
Nombre personal Altarriba i Bigas, Eduard
Término de relación, rol en la obra ilustrador
9 (RLIN) 279690
942 ## - ENTRADA DE ELEMENTOS AGREGADOS (KOHA
Fuente de clasificación o esquema de estantería. Dewey Decimal Classification
Tipo de ítem Literatura Infantil
Existencias
Estado de pérdida Fuente del sistema de clasificación o colocación Estado de daño No disponible para préstamo Colección Biblioteca de origen Biblioteca actual Ubicación en estantería Signatura topográfica completa Ejemplar Código de barras Tipo de ítem Fecha de adquisición Fuente de adquisición Total de pagos Fecha de la última vez visto
  Dewey Decimal Classification     Infantil Biblioteca Pública Departamental Comfamiliar Risaralda Biblioteca Pública Departamental Comfamiliar Risaralda Área Infantil (i) 523 A589u Ej.1 RIBPD14787 Literatura Infantil 13/04/2026 Dotación MinCultura y BNC   13/04/2026
  Dewey Decimal Classification     Infantil Biblioteca Pública Municipal Isaías Naranjo Ríos Biblioteca Pública Municipal Isaías Naranjo Ríos Área Infantil A ANG2 Ej. 1| API01 -3406 Literatura Infantil 09/02/2023 Dotación MinCultura y BNC   06/02/2025